Lenguaje y comunicación 1

Gardado en:
Detalles Bibliográficos
Main Authors: Domínguez H., Ana María (Author), Trenqualye Howard, Isabelle de (Author)
Formato: Libro
Idioma:Lingua castelá
Publicado: Santiago Universitaria 1997
Subjects:
Tags: Engadir etiqueta
Sen Etiquetas, Sexa o primeiro en etiquetar este rexistro!

MARC

LEADER 00000nam a2200000 a 4500
001 UCQ4666
003 CL-VaPUC
008 980910e19970000CL |||||||||||||||||spa|d
082 0 4 |a 372.6  |b DOM  |2 21 
100 0 |a Domínguez H., Ana María  |e author  |9 418852 
700 0 |a Trenqualye Howard, Isabelle de  |e author  |9 418853 
245 1 0 |a Lenguaje y comunicación 1 
300 |a 159 p 
942 |c BK 
945 |d 19980910 00:00:00  |a mvenant 
260 |a Santiago  |b Universitaria  |c 1997 
650 0 |a Lenguaje y comunicación  |9 395921 
650 0 |a Lectura  |9 307634 
650 0 |a Escritura  |9 264941 
650 0 |a Libros de texto  |9 270019 
583 |a last modification  |c 19980910 00:00:00  |k Rodrigo Vera 
999 |c 274982  |d 274980 
952 |0 0  |1 0  |4 0  |6 372_600000000000000_DOM_1997  |7 0  |8 P  |9 311433  |a BIBEDU  |b BIBEDU  |c BIBEDU_PB  |d 2019-11-20  |i 3460606  |o 372.6 DOM 1997  |p 3460606  |r 2024-01-25  |w 2019-11-20  |y BK  |k EPE 
952 |0 0  |1 0  |4 0  |6 372_600000000000000_DOM_1997  |7 0  |8 P  |9 311434  |a BIBEDU  |b BIBEDU  |d 2019-11-20  |i 3460614  |o 372.6 DOM 1997  |p 3460614  |r 2019-11-20  |w 2019-11-20  |y BK  |k EPE